Statistiques concernant Focus sur: Elvis Gaunt - Harry Potter

Cliquez ici pour prendre le quiz!

Statistiques générales

  • Ce quiz a été pris 84 fois
  • Le résultat moyen est 7 sur 8

Statistiques - réponses

Informations recherchéesRéponses% Correct
Statut du sangSang-Pur
100%
Petit-filsTom Jedusor
99%
Couleur des cheveuxNoir
97%
Première apparitionHarry Potter et le Prince de Sang-Mêlé
96%
« Relique »Bague
93%
FilleMerope Gaunt
88%
Deuxième prénom
(premier dans certaines traductions)
Marvolo
84%
FilsMorfin Gaunt
71%

Distribution des résultats

Percentile par nombre de réponses

% des personnes avec chaque résultat

Votre développement - résultats

Vous n’avez pas pris ce quiz